000 00449cam a22001337a 4500
008 180718b2001 xxu||||| |||| 00| 0 eng d
100 _aDemirguc-Kunt, Aslii
245 _aDeposit insurance around the globe: where does it work?
_cby Asli Demirguc Kunt and Edward J. Kane
260 _aWashington, D.C.
_bWorld Bank
_c2001
300 _a34p.
440 _aPolicy research working paper 2679
650 _aDeposit insurance
700 _aKane, Edward J.
999 _c287010
_d287010